000 00662nam a2200217 4500
001 35882
003 BD-RjUL
005 20211209052409.0
008 140611s1971 uk ||||| |||| 001 0 eng d
035 _a(BD-RjUL)35978
040 _aBD-RjUL
_beng
_cBD-RjUL
041 _aeng
082 _a320.54043
_bBAN 1971
100 _aBartosz, Julian
_9109273
245 _aThe nationalist lobby /
_cby Julian Bartosz and Ryszard Hajduk ; [transl. by Stanisław Tarnowski].
260 _aWarsaw :
_bInterpress Publishers,
_c1971.
300 _a170, [1] s. ;
_c20 cm.
650 _a Nationalism
_zGermany
_9109291
700 _aRyszard Hajduk
_9109274
942 _2ddc
_cBK
999 _c35882
_d35882